[Event "It's it's a Ballroom Blitz!!!"]
[Site "SchemingMind.com"]
[Date "2008.12.06"]
[Round "-"]
[White "palaciorep"]
[Black "Hexsaw"]
[Result "1-0"]
[WhiteCountry "ARG"]
[BlackCountry "ENG"]
[WhiteElo "1681"]
[WhiteRD "89"]
[BlackElo "1307"]
[BlackRD "94"]
[GameID "182053"]

1. e4 e5 2. Nf3 Nc6 3. Bb5 a6 4. Bxc6 bxc6 5. O-O d6 6. h3 Nf6 7. Nc3 d5 8. exd5 cxd5 9. Nxe5 Bb7 10. d4 Be7
11. a3 O-O 12. Ng4 Ne4 13. Nxe4 dxe4 14. c3 Qd5 15. Be3 f5 16. Ne5 f4 17. Bd2 e3 18. f3 c5 19. Be1 cxd4 20. Qxd4 Qxd4
21. cxd4 Rac8 22. Bc3 Rf5 23. Rae1 Bxa3 24. Nd3 Bd6 25. Rc1 Rg5 26. b4 e2 27. Rfe1 Re8 28. Rc2 Bxf3 29. Kf2 Rxg2+ 30. Kxf3 Rg3+
31. Kf2 g5 32. Nb2 h5 33. Nc4 Rxh3 34. Nxd6 Ree3 35. Rcxe2 Rxc3 36. Re8+ Kg7 37. R1e7+
1-0

[Event "It's it's a Ballroom Blitz!!!"]
[Site "SchemingMind.com"]
[Date "2008.12.06"]
[Round "-"]
[White "z"]
[Black "capablanca"]
[Result "1-0"]
[WhiteCountry "IRQ"]
[BlackCountry "GER"]
[WhiteElo "1833"]
[WhiteRD "62"]
[BlackElo "1666"]
[BlackRD "54"]
[GameID "182177"]

1. e4 e5 2. f4 exf4 3. Nf3 g5 4. Bc4 d6 5. d4 Bg7 6. c3 Bg4 7. Qb3 Bxf3 8. Bxf7+ Kf8 9. gxf3 b6 10. Bd5 c6
11. Bc4 Nf6 12. Nd2 Nbd7 13. Be2 Qe7 14. a4 Qf7 15. Nc4 Ke7 16. Qc2 Qh5 17. h4 gxh4 18. Bxf4 d5 19. Ne5 Nxe5 20. dxe5 Nd7
21. O-O-O Nxe5 22. exd5 Bh6 23. Qd2 Bxf4 24. Qxf4 Raf8 25. Qb4+ c5 26. d6+ Kd7 27. Qb5+ Nc6 28. Qa6 Rb8 29. Bb5 Qxf3 30. Qxa7+ Ke6
31. Bc4+ Ke5 32. Rde1+ Kf4 33. Qf7+ Kg3 34. Reg1+ Kf2 35. Rf1+
1-0

[Event "It's it's a Ballroom Blitz!!!"]
[Site "SchemingMind.com"]
[Date "2008.12.06"]
[Round "-"]
[White "capablanca"]
[Black "z"]
[Result "0-1"]
[WhiteCountry "GER"]
[BlackCountry "IRQ"]
[WhiteElo "1666"]
[WhiteRD "54"]
[BlackElo "1833"]
[BlackRD "62"]
[GameID "182186"]

1. e4 e6 2. d4 d5 3. exd5 exd5 4. Nf3 Nf6 5. Bd3 Be7 6. Bf4 O-O 7. O-O Bg4 8. Nbd2 Nbd7 9. c3 Nh5 10. Be3 f5
11. Nb3 f4 12. Bd2 Bd6 13. h3 Be6 14. Qc2 g6 15. Rfe1 Qf6 16. Re2 Ng7 17. Rae1 Rfe8 18. Ne5 Nf8 19. Qc1 g5 20. c4 c6
21. cxd5 cxd5 22. Nc5 Bc8 23. Ned7 Bxd7 24. Rxe8 Rxe8 25. Nxd7 Nxd7 26. Rxe8+ Nxe8 27. Qc8 Qe7 28. Bb5 Nf6 29. Qf5 Qg7 30. Bxe8 Nxe8
31. Qxd5+ Kf8 32. Bc3 h6 33. Qe4 b6 34. Qf5+ Ke7 35. d5 Qf7 36. Qe4+ Kd8 37. Qe6= Qxe6 38. dxe6 Ke7 39. f3 Kxe6 40. Kf2 Kd5
41. b3 Be5 42. Bb4 Nd6 43. Ke2 a5 44. Be1 Nb5
0-1

[Event "It's it's a Ballroom Blitz!!!"]
[Site "SchemingMind.com"]
[Date "2008.12.22"]
[Round "-"]
[White "jl1234"]
[Black "R.Leydon"]
[Result "1-0"]
[WhiteCountry "POL"]
[BlackCountry "IRL"]
[WhiteElo "1712"]
[WhiteRD "66"]
[BlackElo "1427"]
[BlackRD "72"]
[GameID "184694"]

1. e4 e5 2. Nf3 Nc6 3. c3 Nf6 4. Qc2 Bc5 5. h3 O-O 6. Bb5 d6 7. Bxc6 bxc6 8. d4 exd4 9. cxd4 Bb4+ 10. Bd2 Bxd2+
11. Nbxd2 Ba6 12. Qxc6 Qc8 13. Rc1 Bb7 14. Qxc7 Qb8 15. O-O Rc8 16. Qxb8 Raxb8 17. e5 dxe5 18. dxe5 Rxc1 19. Rxc1 Rc8 20. Rxc8+ Bxc8
21. exf6 gxf6 22. Ne4 f5 23. Nd6 Be6 24. a3 Kg7 25. Nd4 f4 26. Ne4 Bd5 27. Nf5+ Kg6 28. Ne7+
1-0

[Event "It's it's a Ballroom Blitz!!!"]
[Site "SchemingMind.com"]
[Date "2008.12.23"]
[Round "-"]
[White "R.Leydon"]
[Black "jl1234"]
[Result "0-1"]
[WhiteCountry "IRL"]
[BlackCountry "POL"]
[WhiteElo "1427"]
[WhiteRD "72"]
[BlackElo "1712"]
[BlackRD "66"]
[GameID "184703"]

1. e4 e5 2. d4 exd4 3. Qxd4 Nc6 4. Qd1 Nf6 5. Bd3 Bc5 6. Be3 Bxe3 7. fxe3 O-O 8. Nf3 Re8 9. O-O Nxe4 10. Bc4 Rf8
11. Qd3 Qe7 12. Bd5 Nf6 13. c4 Nb4 14. Qb3 c6 15. c5 Nbxd5 16. Nbd2 Qxc5 17. Rfe1 d6 18. Rac1 Qb6 19. Qc2 Nxe3 20. Qd3 Nc2+
21. Kf1 Nxe1 22. Rxe1 Ng4 23. Ng5 Qf2#
0-1

[Event "It's it's a Ballroom Blitz!!!"]
[Site "SchemingMind.com"]
[Date "2008.12.27"]
[Round "-"]
[White "firsttech"]
[Black "Tanis"]
[Result "1-0"]
[WhiteCountry "USA"]
[BlackCountry "CHN"]
[WhiteElo "1998"]
[WhiteRD "81"]
[BlackElo "2037"]
[BlackRD "76"]
[GameID "185284"]

1. d4 Nf6 2. c4 e6 3. Nf3 d5 4. Nc3 Be7 5. Bg5 h6 6. Bh4 O-O 7. e3 b6 8. Be2 Bb7 9. Bxf6 Bxf6 10. cxd5 exd5
11. O-O Re8 12. Qb3 a6 13. Rad1 c6 14. Bd3 Bc8 15. h3 Ra7 16. e4 Be6 17. e5 Be7 18. Bb1 Nd7 19. Qc2 Nf8 20. a3 Nd7
21. Qh7+ Kf8 22. Qh8#
1-0

[Event "It's it's a Ballroom Blitz!!!"]
[Site "SchemingMind.com"]
[Date "2008.12.27"]
[Round "-"]
[White "Tanis"]
[Black "firsttech"]
[Result "1/2-1/2"]
[WhiteCountry "CHN"]
[BlackCountry "USA"]
[WhiteElo "2068"]
[WhiteRD "79"]
[BlackElo "1983"]
[BlackRD "87"]
[GameID "185288"]

1. e4 c5 2. Nf3 d6 3. d4 cxd4 4. Nxd4 Nf6 5. Nc3 Nc6 6. Be2 e5 7. Nb3 Be7 8. O-O O-O 9. Be3 Be6 10. f4 exf4
11. Rxf4 Nd7 12. Rf1 Nde5 13. Nd4 Nxd4 14. Bxd4 a6 15. Nd5 Bg5 16. c4 Rc8 17. b3 f6 18. Qe1 Re8 19. Qg3 Bxd5 20. exd5 g6
21. Qf2 Rf8 22. Kh1 f5 23. a3 Qe7 24. Rae1 Bh4 25. g3 Bf6 26. Bb6 Qg7 27. Qf4 Bd8 28. Bf2 Qd7 29. Be3 b5 30. cxb5 axb5
31. Qb4 Ra8 32. Bxb5 Qb7 33. Bc6 Qxb4 34. axb4 Ra3 35. Ra1 Rxb3 36. Bh6 Rf6 37. Rfe1 g5 38. Bxg5 Rf8 39. Bh6 Rf6 40. Bf4 Kg7
41. Ra7+ Rf7 42. Bxe5+ dxe5 43. Rxf7+ Kxf7 44. Rxe5 Rxb4 45. Rxf5+ Kg7 46. h3 Rb3 47. Kg2 Rb2+ 48. Rf2 Rxf2+ 49. Kxf2 Bc7 50. Kf3 Kf6
51. g4 Kg5 52. Bb5 h6 53. Bd3 Kh4 54. Bf1 Bd6 55. Ke4 Kg5 56. Ke3 h5 57. gxh5 Kxh5 58. Ba6 Kh4 59. Bc8 Kg5 60. Kf3 Kh4=
61. Ke4 Kg5 62. Ke3 Kh4 63. Kd4 Kg5 64. Kc4 Kf6 65. Kb5 Ke5 66. Kc6 Be7 67. Be6 Ba3 68. Kd7 Kf6 69. h4 Bc5 70. Kc6 Ba3
71. Bg4 Kg7 72. d6 Bxd6 73. Kxd6 Kh8 74. Bf5 Kg7 75. Kd7 Kh8 76. Ke6 Kg7 77. Bg4 Kh8 78. Kf7 Kh7 79. h5 Kh8 80. Bf5
1/2-1/2

[Event "It's it's a Ballroom Blitz!!!"]
[Site "SchemingMind.com"]
[Date "2008.12.31"]
[Round "-"]
[White "aadaam"]
[Black "z"]
[Result "0-1"]
[WhiteCountry "INT"]
[BlackCountry "IRQ"]
[WhiteElo "1768"]
[WhiteRD "44"]
[BlackElo "1878"]
[BlackRD "66"]
[GameID "185735"]

1. d4 d5 2. Nf3 Nf6 3. e3 Bf5 4. c4 e6 5. Nc3 Be7 6. c5 O-O 7. b4 c6 8. Be2 b6 9. Bb2 bxc5 10. dxc5 Qc7
11. Nh4 Bg6 12. Nxg6 hxg6 13. O-O e5 14. f4 Nbd7 15. Qb3 Rab8 16. Na4 exf4 17. Rxf4 Nxc5 18. Nxc5 Bxc5 19. Rc1 Qxf4
0-1

[Event "It's it's a Ballroom Blitz!!!"]
[Site "SchemingMind.com"]
[Date "2008.12.31"]
[Round "-"]
[White "z"]
[Black "aadaam"]
[Result "1-0"]
[WhiteCountry "IRQ"]
[BlackCountry "INT"]
[WhiteElo "1878"]
[WhiteRD "66"]
[BlackElo "1768"]
[BlackRD "44"]
[GameID "185745"]

1. f4 d5 2. e3 g6 3. Nf3 Bg7 4. d4 Nf6 5. Bd3 Bg4 6. h3 Bxf3 7. Qxf3 Nbd7 8. Nd2 c5 9. c3 c4 10. Bc2 b5
11. g4 Nb6 12. O-O Qd6 13. e4 Nxe4 14. Nxe4 dxe4 15. Bxe4 Rd8 16. Bc6+ Nd7 17. Bxb5 O-O 18. Bxc4 e6 19. Be3 Nb6 20. Bb3 Rd7
21. Bf2 a5 22. Bg3 Qe7 23. Rae1 a4 24. Bc2 Nc4 25. Bxa4 Ra7 26. Bb3 Nd2 27. Qe2 Nxf1 28. Qxf1 Rd8 29. Kh2 Qb7 30. f5 exf5
31. gxf5 g5 32. f6 Bf8 33. Qf5 h6 34. Bc2
1-0

[Event "It's it's a Ballroom Blitz!!!"]
[Site "SchemingMind.com"]
[Date "2009.01.12"]
[Round "-"]
[White "jl1234"]
[Black "mikhailtal"]
[Result "0-1"]
[WhiteCountry "POL"]
[BlackCountry "ENG"]
[WhiteElo "1712"]
[WhiteRD "66"]
[BlackElo "1845"]
[BlackRD "67"]
[GameID "186767"]

1. d4 f5 2. Nc3 d5 3. Nf3 Nf6 4. Ne5 e6 5. Bg5 Bb4 6. e3 Nbd7 7. Qd3 c6 8. Be2 Qa5 9. O-O Nxe5 10. dxe5 Bxc3
11. exf6 Bxf6 12. Bh5+ Ke7 13. Qd4 Qb6 14. Bxf6+ gxf6 15. Qc3 Bd7 16. b3 Rhg8 17. f4 a5 18. a4 Qb4 19. Qd3 Qe4 20. Qe2 Rg7
21. Bf3 Qb4 22. Qd1 Qb6 23. Re1 c5 24. Qd3 Bc6 25. Re2 Qa6 26. Qd2 b5 27. Qc3 Qb6 28. Qb2 bxa4
0-1

[Event "It's it's a Ballroom Blitz!!!"]
[Site "SchemingMind.com"]
[Date "2009.01.12"]
[Round "-"]
[White "mikhailtal"]
[Black "jl1234"]
[Result "1-0"]
[WhiteCountry "ENG"]
[BlackCountry "POL"]
[WhiteElo "1845"]
[WhiteRD "67"]
[BlackElo "1712"]
[BlackRD "66"]
[GameID "186773"]

1. e4 e5 2. Nf3 Nc6 3. Bb5 Nd4 4. Nxd4 exd4 5. d3 c6 6. Bc4 Nf6 7. O-O Be7 8. e5 Nd5 9. Bxd5 cxd5 10. Qg4 O-O
11. Bh6 g6 12. Bxf8 Bxf8 13. Qxd4 Qa5 14. Nc3 Bg7 15. Nxd5 Kf8 16. Nf6
1-0

[Event "It's it's a Ballroom Blitz!!!"]
[Site "SchemingMind.com"]
[Date "2009.02.04"]
[Round "-"]
[White "z"]
[Black "palaciorep"]
[Result "1-0"]
[WhiteCountry "IRQ"]
[BlackCountry "ARG"]
[WhiteElo "1882"]
[WhiteRD "68"]
[BlackElo "1670"]
[BlackRD "93"]
[GameID "189895"]

1. f4 Nc6 2. e4 e5 3. Nf3 Qe7 4. Bc4 h6 5. d3 Nf6 6. O-O d6 7. Nc3 Bg4 8. a4 Bxf3 9. gxf3 Nh5 10. f5 Nd4
11. Nd5 Qd8 12. f4 Nf6 13. c3 Nc6 14. Qe2 exf4 15. d4 Be7 16. Bxf4 O-O 17. Kh1 Nxd5 18. Bxd5 Rb8 19. Rg1 Bf6 20. Bxh6 Ne7
21. Qg4 g6 22. fxg6 Nxg6 23. Qxg6+ Kh8 24. Bg7+ Bxg7 25. Qxg7#
1-0

[Event "It's it's a Ballroom Blitz!!!"]
[Site "SchemingMind.com"]
[Date "2009.02.05"]
[Round "-"]
[White "palaciorep"]
[Black "z"]
[Result "0-1"]
[WhiteCountry "ARG"]
[BlackCountry "IRQ"]
[WhiteElo "1657"]
[WhiteRD "96"]
[BlackElo "1882"]
[BlackRD "70"]
[GameID "189906"]

1. e4 e6 2. e5 d5 3. d4 c5 4. c3 Nc6 5. Bb5 Bd7 6. Bxc6 Bxc6 7. Nf3 c4 8. Nbd2 Ne7 9. O-O Nc8 10. b4 b5
11. h3 Nb6 12. Nh2 a5 13. a3 axb4 14. cxb4 Bxb4 15. Ndf3 Qe7 16. Bg5 f6 17. exf6 gxf6 18. Bxf6 Qxf6 19. axb4 O-O 20. Rxa8 Rxa8
21. Ne5 Be8 22. Nhg4 Qg7 23. Qf3 Bg6 24. Nxg6 hxg6 25. Qe3 Qe7 26. Qe5 c3 27. Qe3 Ra3 28. Ne5 Kg7 29. Ng4 g5 30. Qe5+ Kf7
31. Qb8 Nc4 32. Qxb5 c2 33. Ne5+ Nxe5 34. dxe5 Rc3 35. Rc1 d4 36. Qe2 d3 37. Qd2 Qxb4 38. Qxg5 Qb3 39. Qf6+ Ke8 40. Qg6+ Kd7
41. Qf7+ Kc6 42. Qf4 Rc4 43. Qf3+ Kc5 44. Qf8+ Kd4 45. Qd6+ Kc3 46. Qa6 d2 47. Qa5+ Qb4 48. Qa1+ Kd3 49. Rf1 c1=Q
0-1

[Event "It's it's a Ballroom Blitz!!!"]
[Site "SchemingMind.com"]
[Date "2009.03.02"]
[Round "-"]
[White "firsttech"]
[Black "mikhailtal"]
[Result "0-1"]
[WhiteCountry "USA"]
[BlackCountry "ENG"]
[WhiteElo "1983"]
[WhiteRD "87"]
[BlackElo "1863"]
[BlackRD "64"]
[GameID "194622"]

1. d4 Nf6 2. c4 g6 3. Nc3 Bg7 4. e4 d6 5. Nf3 O-O 6. Be2 e5 7. O-O Nc6 8. d5 Ne7 9. b4 Nh5 10. Re1 f5
11. Ng5 Nf6 12. f3 Nh5 13. c5 Rf6 14. Be3 h6 15. Nh3 g5 16. Nf2 f4 17. Bd2 Ng6 18. Qa4 Rf7 19. Rac1 Nf6 20. Qb3 h5
21. a4 g4 22. c6 b6 23. a5 g3 24. hxg3 fxg3 25. Nh3 Bxh3 26. gxh3 Nh7 27. Kg2 Qh4 28. axb6 axb6 29. Ra1 Raf8 30. Rh1 Bf6
31. Raf1 Bg5 32. f4 Bxf4 33. Be1 Be3 34. Rxf7 Rxf7
0-1

[Event "It's it's a Ballroom Blitz!!!"]
[Site "SchemingMind.com"]
[Date "2009.03.02"]
[Round "-"]
[White "mikhailtal"]
[Black "firsttech"]
[Result "0-1"]
[WhiteCountry "ENG"]
[BlackCountry "USA"]
[WhiteElo "1882"]
[WhiteRD "66"]
[BlackElo "2039"]
[BlackRD "85"]
[GameID "194626"]

1. e4 c5 2. Nf3 d6 3. d4 cxd4 4. Nxd4 Nf6 5. Nc3 a6 6. f3 Nc6 7. Be3 e6 8. Qd2 Be7 9. g4 Nxd4 10. Bxd4 O-O
11. O-O-O b5 12. h4 Nd7 13. f4 Bb7 14. Bd3 e5 15. Be3 exf4 16. Bxf4 Ne5 17. Qe2 Ng6 18. Bg3 Rc8 19. h5 Ne5 20. Kb1 Qc7
21. Nd5 Bxd5 22. exd5 Nxd3 23. Qxd3 Rfe8 24. Bf4 h6 25. Qd2 Qc5 26. Rh2 Bf6 27. g5 hxg5 28. Bxg5 Bxg5 29. Qxg5 Re5 30. Qg4 Kh7
31. Rg2 Rg8 32. h6 g6 33. Qf3 Rf5 34. Qe4 Rc8 35. a3 Qc4 36. Qe7 Rf1 37. Re1 Kxh6 38. Rh2+ Kg7 39. b3 Rxe1+ 40. Qxe1 Qxd5
41. Qh4 Qf5 42. Qh6+ Kf6 43. Qh4+ g5 44. Qh6+ Ke7 45. Re2+ Kd7 46. Qh1 d5 47. Qe1 f6 48. Re7+ Kd6 49. Qb4+ Rc5 50. Re2 Qf1+
51. Re1 Qf2 52. c4 dxc4 53. bxc4 Qd4 54. Qa5 Kd7 55. Rc1 Rxc4 56. Rxc4 Qxc4 57. Qxa6 f5 58. Qf6 Qd3+ 59. Kb2 g4 60. Qf7+ Kd6
61. Qf6+ Kd5 62. Qf7+ Ke4 63. Qb7+ Ke3 64. Qb6+ Qd4+
0-1

[Event "It's it's a Ballroom Blitz!!!"]
[Site "SchemingMind.com"]
[Date "2009.04.07"]
[Round "-"]
[White "mikhailtal"]
[Black "z"]
[Result "0-1"]
[WhiteCountry "ENG"]
[BlackCountry "IRQ"]
[WhiteElo "1804"]
[WhiteRD "67"]
[BlackElo "1918"]
[BlackRD "76"]
[GameID "199576"]

1. e4 c5 2. Nf3 Nc6 3. d4 cxd4 4. Nxd4 Nf6 5. Nc3 e6 6. Ndb5 d6 7. Be2 a6 8. Nd4 Bd7 9. g4 h6 10. Rg1 Qa5
11. Nb3 Qc7 12. h4 O-O-O 13. g5 Ng8 14. Bf4 Be8 15. Qd2 Nge7 16. O-O-O Ng6 17. Bg3 hxg5 18. hxg5 Be7 19. f4 f6 20. gxf6 Bxf6
21. Rh1 Rxh1 22. Rxh1 Bf7
0-1

[Event "It's it's a Ballroom Blitz!!!"]
[Site "SchemingMind.com"]
[Date "2009.04.07"]
[Round "-"]
[White "z"]
[Black "mikhailtal"]
[Result "1-0"]
[WhiteCountry "IRQ"]
[BlackCountry "ENG"]
[WhiteElo "1918"]
[WhiteRD "76"]
[BlackElo "1804"]
[BlackRD "67"]
[GameID "199584"]

1. d4 Nf6 2. c4 g6 3. Nc3 Bg7 4. Bg5 O-O 5. e3 d6 6. Nf3 c5 7. Rc1 h6 8. Bh4 Bf5 9. dxc5 dxc5 10. Be2 Nbd7
11. O-O g5 12. Bg3 Nh5 13. Qd2 Nxg3 14. hxg3 e6 15. Rfd1 Ne5 16. Kf1 Qxd2 17. Rxd2 Rfd8 18. Rcd1 Rxd2 19. Rxd2 Rc8 20. Nb5 Bg6
21. Ke1
1-0